000
00290nam a22001337a 4500
008
171010b xxu||||| |||| 00| 0 eng d
020
_a
9780205899197
041
_a
eng
080
_a
316
100
_a
50
101
_a
SOC
245
_a
SOCIETY THE BASICS
_c
MACIONIS,J,J
942
_2
udc
_c
BK
999
_c
32974
_d
32974